000 00532nam a2200169 4500
999 _c4053
_d4053
008 160823b xxu||||| |||| 00| 0 eng d
022 _a2094-8042
082 _aDPer 370.105 M72 Jan-Dec 2012 V. 60-61
100 _913505
_aRamos, Leticia
243 _aThe modern teacher
245 _aNew year's resolution/
_cLeticia Ramos.
260 _aPhilippines:
_bIn the Grade School, Inc.,
_c©2012.
300 _aV60 n8, page 337;
_c28 cm.
500 _aThe Modern Teacher
650 0 _913506
_aHolidays
_xNew Year
942 _2ddc
_cPER